000
00296nam a2200109Ia 4500
008
220120s9999||||xx |||||||||||||| ||und||
100
_a
Rao, Ganesh. D
245
0
_a
Controle systems: A simplified approach
260
_a
Sanguin publication
_b
Bangalore
_c
2004
300
_b
0
650
_a
ELECTRONICS
999
_c
136875
_d
136875